000 01268cam a22003737a 4500
003 CHAP
005 20220329141907.0
008 980423d1997 us r 00110 eng d
010 _a75375
011 _a76347
020 _a9291180335
022 _a1021-4429
035 _a85929
040 _cCHAP
082 0 4 _a630.7296
_bH3
100 0 0 _aHambly, Helen.
_952412
245 1 0 _aAgricultural research plans in sub-Saharan Africa :
_ba status report
_c/by Helen Hambly and Louise Setshwaelo
260 _aLa Haya :
_bInternational Service for National Agricultural Research,
_c1997.
300 _a73 p. :
_bgráfs.
490 0 _aResearch report
_v; 11
590 _aBATCH-UPD
_b10
_c20130110
_lUCH01
_h0441
590 _aBATCH-UPD
_b10
_c20130110
_lUCH01
_h2231
590 _aBATCH-UPD
_b10
_c20130410
_lUCH01
_h0117
590 _aBATCH-UPD
_b10
_c20130914
_lUCH01
_h1600
590 _aCONVERSION
_b10
_c20130109
_lUCH01
_h1341
650 1 4 _aAgricultura
_xInvestigacion
_xAfrica.
_91578
650 1 4 _aPolítica agrícola
_xAfrica.
_990284
700 0 _aSetshwaelo, Louise.
_9105391
830 0 _aResearch report
_v; 11
_996080
901 _aBK
905 _aLilia Sánchez G.
942 _cLIBRO
949 _a630.7296 H3
_bBC
_cLIBRO
_d33724000585063
_eLIBRO
_h93165
_i85929
_sb
999 _c75375
_d75375